| 000 | 00506nam a2200217Ia 4500 | ||
|---|---|---|---|
| 001 | 17348 | ||
| 003 | GE_BSU | ||
| 008 | 181216s||||||||xx |||||||||||||| ||und|| | ||
| 020 | _a9783929526981 | ||
| 040 | _cGE_BSU | ||
| 080 | _a811.112 | ||
| 100 | _aRaven,Susanne | ||
| 245 | _aErkundungen Deutsch als Fremdsprache. B2-C1 | ||
| 245 | _bLehrerhandbuch | ||
| 260 | _aLeipzig | ||
| 260 | _c2009 | ||
| 300 | _a180p. | ||
| 541 | _h10 Gel. | ||
| 653 | _aErkundungen Deutsch als Fremdsprache | ||
| 942 | _cBK | ||
| 999 |
_c50404 _d50404 |
||